000 00974cam a22002775a 4500
001 018532053
003 OSt
005 20201128024236.0
008 110215s2010 enka fr 000 0 eng d
020 _z9780091929787
_a9780091929787
040 _aTEFOD
_beng
_cTEFOD
_dOCLCQ
_dOCLCO
_dOCLCF
_dOCLCO
_dTEFOD
_dOCLCO
_dOCLCQ
_dUk
_dEG-ScBUE
082 0 4 _222
_a658.11
_bFRI
100 1 _aFried, Jason.
_97774
245 1 0 _aReWork :
_bchange the way you work forever /
_cJason Fried and David Heinemeier Hansson.
260 _aLondon :
_bVermilion,
_c2010.
300 _avii, 279 p. :
_bill. ;
_c24 cm.
541 _aDonation from Aida Yehia.
650 7 _aNew business enterprises.
_2BUEsh
_9239
650 7 _aSmall business
_xTechnological innovations.
_2BUEsh
650 7 _aSmall business
_xData processing.
_2BUEsh
651 _2BUEsh
653 _bBUSADM
_cFebruary2018
690 7 _aManagement and Business Studies
_2blcoll
700 1 _aHansson, David Heinemeier.
942 _2ddc
999 _c26095
_d26067